|
|
|
|
| LEADER |
00000cam a2200000 4500 |
| 001 |
vtls012288595 |
| 003 |
SK-MaSNL |
| 005 |
20260326135522.0 |
| 008 |
251205s2025 xo a g 000 p slo |
| 015 |
|
|
|a SNBA2026/03
|
| 020 |
|
|
|a 9788057071938
|q (brožované)
|
| 038 |
|
|
|a SNK
|
| 040 |
|
|
|a SNK
|b slo
|c SNK
|e rda
|
| 041 |
0 |
|
|a slo
|
| 044 |
|
|
|a xo
|c SK
|
| 072 |
|
7 |
|a 821.162.4-1
|x Slovenská poézia
|2 konspekt
|
| 080 |
|
|
|a 821.162.4-1
|2 2011
|
| 100 |
1 |
|
|a Ohman, Mara
|4 aut
|4 ill
|9 1634581
|
| 245 |
1 |
0 |
|a Vyrovnávanie pamäte
|c Mara Ohman
|
| 264 |
|
1 |
|a Bratislava
|b Mária Nováková
|c 2025
|
| 300 |
|
|
|a 64 nečíslovaných strán
|b ilustrované listy
|c 20 cm
|
| 336 |
|
|
|a text
|b txt
|2 rdacontent
|
| 336 |
|
|
|a statický obraz
|b sti
|2 rdacontent
|
| 337 |
|
|
|a bez média
|b n
|2 rdamedia
|
| 338 |
|
|
|a zväzok
|b nc
|2 rdacarrier
|
| 500 |
|
|
|a Obsahuje biografické údaje o autorke na záložke obalu publikácie
|
| 655 |
|
7 |
|a slovenská poézia
|2 SNKPH
|9 70444
|
| 655 |
|
7 |
|a Slovak poetry
|2 SNKPHeng
|9 265010
|
| 700 |
1 |
|
|a Bližnák, Peter
|4 bkd
|9 320194
|
| 852 |
|
|
|a Slovenská národná knižnica
|
| 919 |
|
|
|a 978-80-570-7193-8
|
| 954 |
|
|
|a beletria pôvodná (slovenská)
|2 lita
|
| 958 |
|
|
|a LX
|
| 964 |
9 |
|
|a Mária Nováková (Bratislava, Slovensko)
|
| 999 |
|
|
|c 3367613
|d 3369543
|
| 952 |
|
|
|t 1
|a SNK
|b SNK
|y NEVYP
|7 1
|p 17A1584696
|o snkSD 94103
|i snk2026/3379
|8 0
|0 0
|1 0
|2 udc
|4 0
|d 2026-03-10
|l 0
|r 2026-03-10 14:32:16
|w 2026-03-10
|